Nachbarländer Polens - Statistiken

Allgemein
  • Dieses Quiz wurde 30.683 mal gespielt
  • Das Durchschnittsergebnis liegt bei 6 aus 7
Antwortstatistiken
Länge Land % Korrekt
467 km Deutschland
100%
796 km Tschechien
98%
418 km Belarus
92%
104 km Litauen
91%
210 km Russland (Kaliningrad)
91%
535 km Ukraine
91%
541 km Slowakei
85%
Keine übereinstimmenden Quizze gefunden
Verteilung der Resultate
Anzahl Personen mit jedem Resultat
Perzentil nach korrekt beantworteten Fragen
Ihre Resultats-Entwicklung
Sie haben dieses Quiz noch nicht gespielt